Statistics for Countries Bordering the British Commonwealth

Click here to take the quiz!

General Stats

  • This quiz has been taken 65 times
  • The average score is 34 of 48

Answer Stats

Country % Correct
China
93%
United States
90%
Burma
88%
Afghanistan
84%
Thailand
83%
Dem. Rep. Congo
83%
Indonesia
81%
Angola
81%
Niger
79%
Republic of the Congo
79%
Guinea
78%
Ireland
78%
Benin
76%
Guatemala
74%
Nepal
74%
Mexico
74%
Bhutan
74%
Somalia
74%
Central African Republic
74%
Mozambique
72%
Zimbabwe
72%
Burundi
72%
Brazil
72%
Namibia
71%
Ethiopia
71%
Pakistan
69%
Liberia
69%
Chad
69%
South Africa
69%
Venezuela
67%
South Sudan
67%
Zambia
67%
Togo
67%
Bangladesh
66%
India
66%
Tanzania
64%
Swaziland
64%
Uganda
64%
Suriname
64%
Burkina Faso
64%
Iran
62%
Kenya
62%
Gabon
62%
Equatorial Guinea
60%
Côte d'Ivoire
57%
Malawi
57%
Nigeria
52%
Brunei
47%

Score Distribution

Percentile by Number Answered

Percent of People with Each Score

Your Score History

You have not taken this quiz